| 000 | 00583 a2200193 4500 | ||
|---|---|---|---|
| 005 | 20240520155747.0 | ||
| 010 | _aB-759127 | ||
| 020 |
_a9780143334231 _c150.00 |
||
| 035 | _aB-759127 | ||
| 037 | _bGift | ||
| 082 | _aN | ||
| 100 |
_aRay's, Satyajit _966511 |
||
| 245 |
_aThe Adventures of Feluda The Golden Fortress/ _cSatyajit Ray's |
||
| 260 |
_aGurgaon _bPenguin Books India Pvt. Ltd. _c2015 |
||
| 270 |
_a7th Floor, Infinity Tower C, DLF Cyber City _bGurgaon _e122002 |
||
| 300 |
_a119 p. _c19 cm(Pb) |
||
| 942 |
_adpl _cCH _2ddc _hN _mRAY |
||
| 999 |
_c203047 _d203047 |
||